Novell's ManageWise administrator's handbook / (Record no. 7297)
[ view plain ]
| 000 -LEADER | |
|---|---|
| fixed length control field | 00905cam a2200181 a 4500 |
| 020 ## - INTERNATIONAL STANDARD BOOK NUMBER | |
| ISBN | 156884817X |
| 020 ## - INTERNATIONAL STANDARD BOOK NUMBER | |
| ISBN | 9781568848174 |
| 050 00 - CALL NUMBER | |
| Classification number | TK5105.7 |
| Item number | .C677 |
| 100 1# - AUTHOR | |
| Personal name | Constable, Randi E. |
| 245 10 - TITLE | |
| Title | Novell's ManageWise administrator's handbook / |
| Statement of responsibility, etc | Randi E. Constable. |
| 260 ## - PUBLICATION INFORMATION | |
| Place of publication | San Jose, CA : |
| Name of publisher | Novell Press, |
| Year of publication | c1997. |
| 300 ## - DESCRIPTION | |
| Number of Pages | xxii, 266 p. : |
| Other physical details | ill. ; |
| Dimensions | 21 cm. |
| 500 ## - NOTES | |
| General note | Includes index. |
| 505 ## - FORMATTED CONTENTS NOTE | |
| Table of Content | 1. Introduction to manage wise<br/>2. Segment and discovery<br/>3. Network maps<br/>4. Resource Allocation<br/>5. Statistics, Tests, and Trends<br/>6. Remotes Server Management<br/>7. Desktop Management<br/>8. Address management<br/>9. Print management<br/>10. Asset Management<br/>11. LAN Management<br/>12. SNMP Device Management<br/>13. Managementwise Virus Protect<br/>14. Third- party Consoles<br/><br/> |
| 650 #0 - SUBJECTS | |
| Topical Term | Local area networks (Computer networks) |
| General subdivision | Management. |
| 650 #0 - SUBJECTS | |
| Topical Term | Client/server computing. |
| 942 ## - ADDED ENTRY ELEMENTS (KOHA) | |
| Koha item type | Books |
| Withdrawn status | Lost status | Collection code | Home library | Current library | Shelving location | Date acquired | Full call number | Accession Number | Koha item type |
|---|---|---|---|---|---|---|---|---|---|
| Reference | Methodist University Library Main | Methodist University Library Main | General Stacks | 20/02/2013 | TK5105.7 .C677 | 36888 | Books |